000 00659nam a22001697a 4500
003 OSt
005 20240705100336.0
008 240705b |||||||| |||| 00| 0 eng d
041 _aEnglish
082 _aClass No. CR/RTUC/24 Acc No. 9198
110 _aCommittee on Lands and Natural Resources
245 _aReport of the Committee on Lands and Natural Resources on the Ratification of Nineteen (19) Timber Utilisation Contracts (TUCs)
260 _aAccra:
_bOffice of Parliament,
_c2024.
300 _a15p.;
653 _a1. Ratification of Nineteen Timber Utilisation Contract 2. TUCs 3. Committee on Lands and Natural Resources
942 _2ddc
_cCR
_n0
999 _c4128
_d4128